000 00494nam a22001937a 4500
003 MPLRDC
005 20220104143221.0
008 210129b ||||| |||| 00| 0 eng d
020 _a962-429-066-0
082 _a857.621 YQ
100 _a月青编
245 _a宇宙新客: 中国第一颗地球卫星秘闻录
_c
250 _a初版
260 _a
_b繁荣出版社有限公司
_c1991
300 _b
490 _a纪实文学
650 _a科幻小说
942 _cBK
_o857.621 YQ
999 _c37748
_d37738